Enciclopedia Hispánica

Uloženo v:
Podrobná bibliografie
Médium: Kniha
Jazyk:španělština
Vydáno: Barcelona Encyclopaedia Britannica Publishers 1990
Vydání:1a. ed
Témata:
Tagy: Přidat tag
Žádné tagy, Buďte první, kdo vytvoří štítek k tomuto záznamu!

MARC

LEADER 00000nam a2200000 a 4500
001 UCH5458
003 CL-VaPUC
008 091014e19900000SP |||||||||||||||||spa|d
020 |a 1564090159 
082 0 4 |a 036  |b ENC  |2 21 
245 1 0 |a Enciclopedia Hispánica 
250 |a 1a. ed 
300 |a 18 v 
942 |c BK 
945 |d 20091014 00:00:00  |a ccalabra 
260 |a Barcelona  |b Encyclopaedia Britannica Publishers  |c 1990 
500 |a v. 1-14: Macropedia, Aalto, Alvar - Zwinngli 
500 |a v. 15-16: Micropedia, A-Z 
500 |a v. 17: Temapedia 
500 |a v. 18: Datapedia y Atlas 
650 0 |a Enciclopedias  |9 264135 
650 0 |a Diccionarios  |9 256200 
650 7 |a OBRAS DE REFERENCIA  |2 CL-VaPUC  |9 541737 
650 0 |a Educación  |9 258661 
583 |a last modification  |c 20091014 00:00:00  |k Rodrigo Vera 
999 |c 336593  |d 336591